| 000 | 00781nam a22002657a 4500 | ||
|---|---|---|---|
| 999 |
_c1291 _d1291 |
||
| 001 | 000989 | ||
| 003 | CoMeUDC000989 | ||
| 005 | 20190218180742.0 | ||
| 008 | 040416q2001 ck r 10010 spa d | ||
| 015 | _ack-2001-xxxx | ||
| 035 | _aAHW2855 LA | ||
| 040 |
_ala _cCoMeUDC |
||
| 041 | 0 | _aspa | |
| 082 | 0 | 4 |
_a658.562 _bP37 _220 ed. |
| 245 | 0 | 0 |
_aPersona, universidad y empresa : _bformemos seres integrales y despuš organizaciones, memorias. |
| 260 |
_a[Medelln̕] : _bUniversidad Eafit, _c[2001]. |
||
| 300 |
_a96 p. ; _c28 cm. |
||
| 650 | _aEtica empresarial. | ||
| 650 | _aEtica de los negocios. | ||
| 650 | 6 | _aGestin̤ de empresas. | |
| 650 | _aCrecimiento empresarial. | ||
| 650 |
_aIndustriales _x Aspectos morales. |
||
| 942 |
_2ddc _cBK |
||
| 949 |
_ac _bn |
||